Sobre el pacifismo / (Record no. 78940)

MARC details
000 -LEADER
campo de control de longitud fija 00597nam a2200193 i 4500
001 - NÚMERO DE CONTROL
campo de control 78940
003 - IDENTIFICADOR DE NÚMERO DE CONTROL
campo de control ES-MaACL
007 - CAMPO FIJO DE DESCRIPCIÓN FÍSICA--INFORMACIÓN GENERAL
campo de control de longitud fija t|
008 - DATOS DE LONGITUD FIJA--INFORMACIÓN GENERAL
campo de control de longitud fija 041018s1985 sp ||||1| spa d
020 ## - NÚMERO INTERNACIONAL ESTÁNDAR DEL LIBRO
Número Internacional Estándar del Libro 84-84691-24-5
100 1# - ENTRADA PRINCIPAL--NOMBRE DE PERSONA
Nombre de persona Heller, Agnes.
9 (RLIN) 62436
245 10 - MENCIÓN DEL TÍTULO
Título Sobre el pacifismo /
Mención de responsabilidad, etc. Agnes Heller y Ferenc Feher ; [traducción de Juan C. Navascués Howard].
250 ## - MENCION DE EDICION
Mención de edición [1ª ed.].
260 ## - PUBLICACIÓN, DISTRIBUCIÓN, ETC.
Lugar de publicación, distribución, etc. Madrid :
Nombre del editor, distribuidor, etc. Pablo Iglesias,
Fecha de publicación, distribución, etc. 1985.
300 ## - DESCRIPCIÓN FÍSICA
Extensión XVI, 183 p. ;
Dimensiones 21 cm.
700 1# - ENTRADA AGREGADA--NOMBRE PERSONAL
Nombre de persona Navascués Howard, Juan Carlos.
9 (RLIN) 85217
700 1# - ENTRADA AGREGADA--NOMBRE PERSONAL
Nombre de persona Feher, Ferenc.
9 (RLIN) 49091
852 ## - LOCALIZACIÓN
Ubicación ES-MaACL
Número de control de estantería L-9283
Sublocalización o colección R.110957
Holdings
Estatus retirado Estado de pérdida Estado de daño No para préstamo Biblioteca de origen Biblioteca actual Ubicación en estantería Fecha de adquisición Fuente de adquisición Total de préstamos Signatura topográfica completa Código de barras Visto por última vez Precio de reemplazo Tipo de ítem Koha
        Biblioteca del Ateneo de Madrid Biblioteca del Ateneo de Madrid Depósito 2 17/01/2008     L-9283 1082555 23/02/2023 23/02/2023 Libro impreso